Speaking Wisely : (Record no. 603991)

MARC details
000 -LEADER
fixed length control field 00473nam a2200193 a 4500
008 - FIXED-LENGTH DATA ELEMENTS--GENERAL INFORMATION
fixed length control field 251218s2003##################000#0#eng##
020 ## - INTERNATIONAL STANDARD BOOK NUMBER
ISBN 9780877889175
082 04 - DEWEY DECIMAL CLASSIFICATION NUMBER
Classification number 220
Item number SMI
100 1# - MAIN ENTRY--AUTHOR NAME
Personal name Smith, Poppy,
245 10 - TITLE STATEMENT
Title Speaking Wisely :
260 ## - PUBLICATION, DISTRIBUTION, ETC. (IMPRINT)
Name of publisher Shaw Books,
Year of publication 2003.
300 ## - PHYSICAL DESCRIPTION
Number of Pages 84 pages
650 #0 - SUBJECT ADDED ENTRY--TOPICAL TERM
Topical Term Religion.
942 ## - ADDED ENTRY ELEMENTS (KOHA)
Koha item type English Books
Holdings
Withdrawn status Lost status Damaged status Not for loan Home library Current library Shelving location Date acquired Full call number Accession Number Price effective from Koha item type
        Anna Centenary Library Anna Centenary Library 3RD FLOOR, B WING 22.12.2025 220 SMI 421520 22.12.2025 English Books

Find us on the map